Cubiertas (Record no. 41762)

MARC details
000 -LEADER
campo de control de longitud fija 00676nam a2200193 i 4500
001 - NÚMERO DE CONTROL
campo de control 41762
003 - IDENTIFICADOR DE NÚMERO DE CONTROL
campo de control ES-MaACL
005 - FECHA Y HORA DE LA ÚLTIMA TRANSACCIÓN
campo de control 20230906160504.0
007 - CAMPO FIJO DE DESCRIPCIÓN FÍSICA--INFORMACIÓN GENERAL
campo de control de longitud fija t|
008 - DATOS DE LONGITUD FIJA--INFORMACIÓN GENERAL
campo de control de longitud fija 030311s1958 sp ||||1| spa d
100 1# - ENTRADA PRINCIPAL--NOMBRE DE PERSONA
Nombre de persona Casaprima Cabal, Enrique.
9 (RLIN) 36151
245 10 - MENCIÓN DEL TÍTULO
Título Cubiertas
Resto del título : cálculo y construcción... /
Mención de responsabilidad, etc. por Enrique Casaprima Cabal.
260 ## - PUBLICACIÓN, DISTRIBUCIÓN, ETC.
Lugar de publicación, distribución, etc. Barcelona :
Nombre del editor, distribuidor, etc. C.E.A.C.,
Fecha de publicación, distribución, etc. 1958 (
Lugar de fabricación/manufactura Tarrassa :
Fabricante Flotats)
300 ## - DESCRIPCIÓN FÍSICA
Extensión 1 v. :
Otras características físicas il. ;
Dimensiones 21 cm.
500 ## - NOTA GENERAL
Nota general Es el tomo II.
505 8# - NOTA DE CONTENIDO CON FORMATO
Nota de contenido con formato Contiene: II. Cubiertas de hierro. Cubiertas especiales. Materiales para cobertura. Desagües.
650 #4 - PUNTO DE ACCESO ADICIONAL DE MATERIA--TÉRMINO DE MATERIA
Término de materia o nombre geográfico como elemento de entrada Cubiertas (Construcción)
9 (RLIN) 11469
852 ## - LOCALIZACIÓN
Ubicación ES-MaACL
Número de control de estantería P-825
Sublocalización o colección R.42399
Holdings
Estatus retirado Estado de pérdida Estado de daño No para préstamo Biblioteca de origen Biblioteca actual Ubicación en estantería Fecha de adquisición Fuente de adquisición Total de préstamos Signatura topográfica completa Código de barras Visto por última vez Precio de reemplazo Tipo de ítem Koha
        Biblioteca del Ateneo de Madrid Biblioteca del Ateneo de Madrid Depósito 2 17/01/2008     P-825 1043963 23/02/2023 23/02/2023 Libro impreso